Надежность горных машин и оборудования (Запись № 1380994)
[ простой вид ]
| 000 -МАРКЕР | |
|---|---|
| контрольное поле | 02205nam1a2200349 i 4500 |
| 001 - ИДЕНТИФИКАТОР ЗАПИСИ | |
| контрольное поле | RU\NLR\bibl\543427 |
| 005 - ИДЕНТИФИКАТОР ВЕРСИИ | |
| контрольное поле | 20240920190752.0 |
| 035 ## - ДРУГИЕ СИСТЕМНЫЕ НОМЕРА | |
| Идентификатор записи | (NLR Aleph) 000535657 |
| 100 ## - ДАННЫЕ ОБЩЕЙ ОБРАБОТКИ | |
| Данные общей обработки | 20040805g20039999u y0rusy50 ca |
| 101 0# - ЯЗЫК РЕСУРСА | |
| Язык текста, звукозаписи и т.д. | русский |
| 102 ## - СТРАНА ПУБЛИКАЦИИ ИЛИ ПРОИЗВОДСТВА | |
| Страна публикации | российская федерация |
| 105 ## - ПОЛЕ КОДИРОВАННЫХ ДАННЫХ: ТЕКСТОВЫЕ МАТЕРИАЛЫ, МОНОГРАФИЧЕСКИЕ | |
| Кодированные данные о монографическом текстовом документе | ||||z ||||| |
| 200 1# - ЗАГЛАВИЕ И СВЕДЕНИЯ ОБ ОТВЕТСТВЕННОСТИ | |
| Основное заглавие | Надежность горных машин и оборудования |
| Сведения, относящиеся к заглавию | Учеб. пособие |
| Первые сведения об ответственности | Ю.Г. Полкунов, А.А. Хорешок, Б.А. Катанов, Г.Д. Буялич |
| Последующие сведения об ответственности | М-во образования Рос. Федерации, Гос. образоват. учреждение высш. проф. образования "Кузбас. гос. техн. ун-т" |
| 210 ## - ПУБЛИКАЦИЯ, РАСПРОСТРАНЕНИЕ И ДР. | |
| Место издания, распространения и т.д. | Кемерово |
| Имя издателя, распространителя и т. д. | ГУ КузГТУ |
| Дата издания, распространения и т.д. | 2003 |
| 215 ## - ФИЗИЧЕСКАЯ ХАРАКТЕРИСТИКА | |
| Размеры | 20 |
| 300 ## - ОБЩИЕ ПРИМЕЧАНИЯ | |
| Текст примечания | На обл.: Каф. горн. машин и комплексов КузГТУ 50 лет |
| 463 #0 - УРОВЕНЬ ФИЗИЧЕСКОЙ ЕДИНИЦЫ | |
| Встроенное поле | 001528552 |
| 606 0# - НАИМЕНОВАНИЕ ТЕМЫ КАК ПРЕДМЕТ | |
| Наименование темы | Горные машины |
| Формальный подзаголовок | Руководства, пособия и т.п. для высшей школы |
| Тематический подзаголовок | Надежность |
| Системный номер авторитетной/нормативной записи | 1467595 |
| Идентификатор авторитетной/нормативной записи | RU\NLR\auth\66313881 |
| 606 0# - НАИМЕНОВАНИЕ ТЕМЫ КАК ПРЕДМЕТ | |
| Наименование темы | Горные машины |
| Формальный подзаголовок | Учебные издания для высших учебных заведений |
| Тематический подзаголовок | Надежность |
| Системный номер авторитетной/нормативной записи | 1467595 |
| Идентификатор авторитетной/нормативной записи | RU\NLR\auth\66313881 |
| 606 0# - НАИМЕНОВАНИЕ ТЕМЫ КАК ПРЕДМЕТ | |
| Наименование темы | Рудничное оборудование |
| Формальный подзаголовок | Руководства, пособия и т.п. для высшей школы |
| Тематический подзаголовок | Надежность |
| Системный номер авторитетной/нормативной записи | 2311873 |
| Идентификатор авторитетной/нормативной записи | RU\NLR\auth\661383580 |
| 606 0# - НАИМЕНОВАНИЕ ТЕМЫ КАК ПРЕДМЕТ | |
| Наименование темы | Рудничное оборудование |
| Формальный подзаголовок | Учебные издания для высших учебных заведений |
| Тематический подзаголовок | Надежность |
| Системный номер авторитетной/нормативной записи | 2311873 |
| Идентификатор авторитетной/нормативной записи | RU\NLR\auth\661383580 |
| 686 ## - ИНДЕКСЫ ДРУГИХ КЛАССИФИКАЦИЙ | |
| Индекс | И-5-021.1я73-1 |
| 701 #1 - ИМЯ ЛИЦА - АЛЬТЕРНАТИВНАЯ ОТВЕТСТВЕННОСТЬ | |
| Начальный элемент ввода | Полкунов |
| Часть имени, кроме начального элемента ввода | Ю. Г. |
| Расширение инициалов личного имени | Юрий Григорьевич |
| Код отношения | Автор |
| 701 #1 - ИМЯ ЛИЦА - АЛЬТЕРНАТИВНАЯ ОТВЕТСТВЕННОСТЬ | |
| Начальный элемент ввода | Хорешок |
| Часть имени, кроме начального элемента ввода | А. А. |
| Расширение инициалов личного имени | Алексей алексеевич |
| Код отношения | Автор |
| 701 #1 - ИМЯ ЛИЦА - АЛЬТЕРНАТИВНАЯ ОТВЕТСТВЕННОСТЬ | |
| Начальный элемент ввода | Катанов |
| Часть имени, кроме начального элемента ввода | Б. А. |
| Расширение инициалов личного имени | Борис Александрович |
| Код отношения | Автор |
| 701 #1 - ИМЯ ЛИЦА - АЛЬТЕРНАТИВНАЯ ОТВЕТСТВЕННОСТЬ | |
| Код отношения | Автор |
| Графика поля | Кириллица |
| Материалы, к которым относится поле | rus |
| Начальный элемент ввода | Буялич |
| Часть имени, кроме начального элемента ввода | Г. Д. |
| Даты | 1952- |
| Расширение инициалов личного имени | Геннадий Даниилович |
| Системный номер авторитетной/нормативной записи | 269963 |
| Идентификатор авторитетной/нормативной записи | RU\NLR\AUTH\770270019 |
| 801 #0 - ИСТОЧНИК ЗАПИСИ | |
| Страна | российская федерация |
| Организация | NLR |
| Дата составления | 20040805 |
| Правила каталогизации | PSBO |
| 801 #1 - ИСТОЧНИК ЗАПИСИ | |
| Страна | российская федерация |
| Организация | NLR |
| Дата составления | 20040805 |
| 852 ## - МЕСТОНАХОЖДЕНИЕ И ШИФР ХРАНЕНИЯ | |
| Идентификатор организации | NLR |
| Шифр хранения (Call Number) | 2004-4/12285 |
| 942 ## - ДОПОЛНИТЕЛЬНЫЕ ЭЛЕМЕНТЫ ЗАПИСИ (АБИС) | |
| Тип экземпляра АБИС | Книга |
Нет доступных экземпляров.